000 00670nam a22001937a 4500
999 _c196272
_d196272
005 20230608151147.0
010 _aENG-137104
020 _c750.00 APPROX
035 _aEN-120636
037 _bDBAD/PUB
082 _a954.13
100 _aKheruluwala, Munirah
245 _aPune :
_bSteeped In Heritage & Culture /
_cBy Munirah Kheruluwala
260 _aMaharastra
_bFree Spirits Media Works
_c2020
270 _a504, Plumeria, Nyati Estate, Mohammedwadi, Pune
_bMaharastra
_e411060
_k9503687700
_mmunirahq9@gmail.com
300 _a150p.;
_c22cm(pbk)
_bill.
500 _aexplore pune cuisune, culture, mouments etc
942 _2ddc
_cEN
_h954.13
_mKHE